[Event "Class ch"]
[Site "Vancouver CAN"]
[Date "2005.??.??"]
[Round "4"]
[White "Sladek, Vaclav"]
[Black "Pechisker, Alfred"]
[Result "0-1"]
[WhiteElo "2045"]
[BlackElo "2190"]
[PlyCount "114"]
[GameId "2160767911031425"]
[EventDate "2005.01.28"]
[EventType "swiss"]
[EventRounds "5"]
[EventCountry "CAN"]
[SourceTitle "EXT 2007"]
[Source "ChessBase"]
[SourceDate "2006.11.23"]
[SourceVersion "1"]
[SourceVersionDate "2006.11.23"]
[SourceQuality "1"]

1. d4 Nf6 2. Bg5 d5 3. e3 e6 4. Bd3 Be7 5. Nf3 c5 6. c3 Nbd7 7. O-O O-O 8. Nbd2 h6 9. Bh4 b6 10. Qe2 Bb7 11. Rad1 Ne4 12. Bxe7 Qxe7 13. Ba6 Bc6 14. Bb5 Bxb5 15. Qxb5 Nxd2 16. Rxd2 c4 17. Qa4 a5 18. Qc2 f5 19. Re2 b5 20. Nd2 b4 21. f3 a4 22. cxb4 Qxb4 23. a3 Qb6 24. Kh1 Rf7 25. Rd1 Nf6 26. Nb1 Rb7 27. Nc3 Qc6 28. Kg1 Rb3 29. Rdd2 Rab8 30. Qc1 R3b7 31. Qd1 Rb3 32. Qc1 Ne8 33. Rc2 Nd6 34. Kf2 Nb5 35. Na2 Rc8 36. Qd1 Qa6 37. Qe1 f4 38. Nc3 fxe3+ 39. Rxe3 Nxd4 40. Rd2 Qa7 41. Kf1 Rcb8 42. Qf2 Nb5 43. Rxe6 Qxf2+ 44. Kxf2 Nxc3 45. bxc3 Rxc3 46. Rxd5 Rxa3 47. Re7 Rb2+ 48. Kg3 Raa2 49. Rc7 Rxg2+ 50. Kf4 Rxh2 51. Rd8+ Kh7 52. Rdd7 Rag2 53. Ra7 c3 54. Rdc7 Rg1 55. Rc6 c2 56. Rac7 a3 57. Rxc2 a2 0-1

[Event "Class ch"]
[Site "Vancouver CAN"]
[Date "2005.01.30"]
[Round "4"]
[White "Milicevic, Dragoljub"]
[Black "Davies, Noam"]
[Result "1/2-1/2"]
[WhiteElo "2124"]
[BlackElo "2008"]
[PlyCount "79"]
[GameId "2160767911031426"]
[EventDate "2005.01.28"]
[EventType "swiss"]
[EventRounds "5"]
[EventCountry "CAN"]

1. g3 g6 2. Bg2 Bg7 3. d4 d5 4. Nf3 Nf6 5. O-O O-O 6. c4 c6 7. Nc3 Bg4 8. Ne5 dxc4 9. Nxc4 Nd5 10. Nxd5 cxd5 11. Ne5 Be6 12. e3 Nd7 13. Nd3 Qb6 14. Nf4 Nf6 15. Nxe6 Qxe6 16. Qb3 b6 17. Bd2 Ne4 18. Rfd1 Rac8 19. Be1 Rc7 20. Rac1 Rfc8 21. Rxc7 Rxc7 22. f3 Nd6 23. Bf2 f5 24. Re1 Rc4 25. Bf1 Rc7 26. e4 fxe4 27. fxe4 Nxe4 28. Bg2 Qf7 29. Be3 e6 30. Qd3 Nd6 31. Bf4 Rd7 32. Be5 Qf5 33. Qc3 Bxe5 34. Rxe5 Qf7 35. Qe1 Qf6 36. Bh3 Nf5 37. Rxe6 Qxd4+ 38. Kh1 Rc7 39. Bxf5 gxf5 40. Re8+ 1/2-1/2

[Event "Class ch"]
[Site "Vancouver CAN"]
[Date "2005.01.30"]
[Round "4"]
[White "Neufahrt, Gerhard"]
[Black "Kostin, Andrey"]
[Result "0-1"]
[WhiteElo "1965"]
[BlackElo "2043"]
[PlyCount "76"]
[GameId "2160767911031427"]
[EventDate "2005.01.28"]
[EventType "swiss"]
[EventRounds "5"]
[EventCountry "CAN"]

1. e4 e5 2. Nf3 Nc6 3. Bc4 Bc5 4. b4 Bxb4 5. c3 Ba5 6. O-O d6 7. d4 exd4 8. cxd4 Bb6 9. Bb2 Nf6 10. Nbd2 O-O 11. e5 dxe5 12. dxe5 Ng4 13. h3 Nh6 14. Qe2 Be6 15. Bxe6 fxe6 16. Ne4 Nf5 17. Rad1 Qe7 18. Bc1 h6 19. Rd3 Nh4 20. Ba3 Nxf3+ 21. Rxf3 Nd4 22. Rxf8+ Qxf8 23. Qd3 Qf5 24. Bc5 Bxc5 25. Nxc5 Qxd3 26. Nxd3 b6 27. Re1 Rd8 28. Nf4 c5 29. a4 Kf7 30. Kh2 Nc6 31. Re4 Rd4 32. Rxd4 Nxd4 33. Nd3 c4 34. Nb2 c3 35. Nd3 Nb3 36. Ne1 Nc5 37. a5 bxa5 38. Nc2 Nd3 0-1

[Event "Class ch"]
[Site "Vancouver CAN"]
[Date "2005.01.30"]
[Round "4"]
[White "Yip, Michael"]
[Black "Davies, Lucas"]
[Result "1/2-1/2"]
[WhiteElo "2026"]
[BlackElo "2128"]
[PlyCount "61"]
[GameId "2160767911031428"]
[EventDate "2005.01.28"]
[EventType "swiss"]
[EventRounds "5"]
[EventCountry "CAN"]

1. d4 Nf6 2. c4 g6 3. Nc3 Bg7 4. e4 d6 5. f3 O-O 6. Be3 Nc6 7. Qd2 a6 8. Nge2 Rb8 9. Nc1 e5 10. d5 Nd4 11. Nb3 Nxb3 12. axb3 c5 13. Be2 Ne8 14. h4 f5 15. g4 Nf6 16. exf5 gxf5 17. gxf5 Bxf5 18. O-O-O b5 19. Rdg1 Qa5 20. Bd3 Bxd3 21. Qxd3 bxc4 22. Qd2 Rxb3 23. Rxg7+ Kxg7 24. Bh6+ Kf7 25. Bxf8 Qa1+ 26. Nb1 c3 27. Qc2 Rxb2 28. Qf5 Rg2 29. Qe6+ Kxf8 30. Qxf6+ Kg8 31. Qe6+ 1/2-1/2

[Event "Class ch"]
[Site "Vancouver CAN"]
[Date "2005.??.??"]
[Round "5"]
[White "Davies, Noam"]
[Black "Sladek, Vaclav"]
[Result "0-1"]
[WhiteElo "2005"]
[BlackElo "2045"]
[PlyCount "78"]
[GameId "2160767911031430"]
[EventDate "2005.01.28"]
[EventType "swiss"]
[EventRounds "5"]
[EventCountry "CAN"]
[SourceTitle "EXT 2007"]
[Source "ChessBase"]
[SourceDate "2006.11.23"]
[SourceVersion "1"]
[SourceVersionDate "2006.11.23"]
[SourceQuality "1"]

1. e4 c5 2. Nf3 e6 3. d4 cxd4 4. Nxd4 Qb6 5. Nb3 Qc7 6. Bd3 a6 7. c4 Nf6 8. O-O Be7 9. Qe2 d6 10. Nc3 Nbd7 11. f4 b6 12. Be3 Bb7 13. Rad1 h5 14. h3 h4 15. Rfe1 Rc8 16. Nd2 Nh5 17. Nf3 Ng3 18. Qf2 Nc5 19. Bb1 Ncxe4 20. Nxe4 Nxe4 21. Bxe4 Bxe4 22. Bxb6 Qb7 23. Ng5 Bf5 24. Qd4 O-O 25. Ne4 Bxe4 26. Rxe4 Rc6 27. Ba5 d5 28. cxd5 Bc5 29. dxc6 Qxc6 30. Kh1 Bxd4 31. Rexd4 Qb5 32. Bc3 Qe2 33. Re1 Qf2 34. Re5 Rb8 35. Rg5 Kf8 36. Rh5 Ke7 37. Rg5 Rb5 38. Rxg7 Rd5 39. Rxd5 exd5 0-1

[Event "Class ch"]
[Site "Vancouver CAN"]
[Date "2005.01.30"]
[Round "5"]
[White "Davies, Lucas"]
[Black "Roper, David"]
[Result "1-0"]
[WhiteElo "2128"]
[BlackElo "2089"]
[PlyCount "61"]
[GameId "2160767911031431"]
[EventDate "2005.01.28"]
[EventType "swiss"]
[EventRounds "5"]
[EventCountry "CAN"]

1. e4 c5 2. Nc3 e6 3. g3 Nc6 4. Bg2 g6 5. d3 Bg7 6. Be3 d6 7. Qd2 Rb8 8. Nge2 Nd4 9. Nd1 b5 10. O-O Bd7 11. Nc1 b4 12. c3 bxc3 13. bxc3 Nc6 14. Ne2 Qa5 15. Nb2 Qa6 16. Nc4 Na5 17. Nxa5 Qxa5 18. Rab1 Rb5 19. c4 Qxd2 20. Bxd2 Rxb1 21. Rxb1 Bc6 22. Bc3 e5 23. Rb8+ Ke7 24. Rc8 Bd7 25. Ra8 Nf6 26. Rxa7 Rb8 27. Bh3 Bh6 28. Ba5 Ke8 29. Bxd7+ Nxd7 30. Nc3 Bd2 31. Bc7 1-0

[Event "Class ch"]
[Site "Vancouver CAN"]
[Date "2005.01.30"]
[Round "5"]
[White "Kostin, Andrey"]
[Black "Yip, Michael"]
[Result "0-1"]
[WhiteElo "2043"]
[BlackElo "2026"]
[PlyCount "46"]
[GameId "2160767911031432"]
[EventDate "2005.01.28"]
[EventType "swiss"]
[EventRounds "5"]
[EventCountry "CAN"]

1. d4 Nf6 2. c4 e6 3. Nc3 Bb4 4. Qc2 O-O 5. a3 Bxc3+ 6. bxc3 c5 7. e4 Ne8 8. Bd3 Nc6 9. Ne2 b6 10. O-O d6 11. f4 f5 12. d5 Ne7 13. g4 g6 14. Ng3 Ng7 15. Be3 Bd7 16. Rad1 Qc7 17. Be2 Rad8 18. Rd2 Bc8 19. Rfd1 Ne8 20. Bf3 e5 21. gxf5 gxf5 22. Nh5 fxe4 23. Qxe4 Bf5 0-1

[Event "Class ch"]
[Site "Vancouver CAN"]
[Date "2005.01.30"]
[Round "5"]
[White "Pechisker, Alfred"]
[Black "Milicevic, Dragoljub"]
[Result "1-0"]
[WhiteElo "2192"]
[BlackElo "2124"]
[PlyCount "81"]
[GameId "2160767911031433"]
[EventDate "2005.01.28"]
[EventType "swiss"]
[EventRounds "5"]
[EventCountry "CAN"]

1. d4 f5 2. c4 g6 3. g3 Nf6 4. Bg2 Bg7 5. Nc3 O-O 6. Nf3 d6 7. O-O c6 8. Re1 Qc7 9. d5 e5 10. dxe6 Bxe6 11. Bf4 Rd8 12. c5 Ne8 13. Ng5 Qe7 14. Nxe6 Qxe6 15. e4 Qf7 16. cxd6 Na6 17. exf5 gxf5 18. Re7 Qxe7 19. dxe7 Rxd1+ 20. Rxd1 Bf6 21. Nd5 Bxb2 22. Ne3 Bf6 23. Nxf5 Kf7 24. Re1 Nc5 25. Bd6 Nd7 26. Bf3 Kg6 27. g4 Nb6 28. Bg3 Nd5 29. h4 h5 30. Nd6 hxg4 31. Bxg4 Nxd6 32. Bxd6 Re8 33. Bd7 Rxe7 34. Bxe7 Bxe7 35. Be8+ Kf5 36. h5 Bg5 37. Rb1 Nb6 38. Kf1 Ke5 39. Ke2 Kd4 40. Rg1 Bc1 41. Rxc1 1-0

[Event "Cole Harbour"]
[Site "Cole Harbour CAN"]
[Date "2005.05.13"]
[Round "1"]
[White "Kenney, David"]
[Black "Ng, Gary"]
[Result "0-1"]
[WhiteElo "1756"]
[BlackElo "2134"]
[PlyCount "72"]
[GameId "2160767910968402"]
[EventDate "2005.05.13"]
[EventType "tourn"]
[EventRounds "5"]
[EventCountry "CAN"]
[SourceTitle "EXT 2022"]
[Source "ChessBase"]
[SourceDate "2021.10.06"]
[SourceVersion "1"]
[SourceVersionDate "2021.10.06"]
[SourceQuality "1"]

1. c4 c6 2. Nf3 d5 3. b3 Nf6 4. Bb2 Bg4 5. g3 e6 6. Bg2 Bd6 7. O-O O-O 8. d3 Nbd7 9. Nbd2 Qe7 10. e4 dxe4 11. dxe4 e5 12. Qc2 Rfd8 13. Rfd1 Ba3 14. Bxa3 Qxa3 15. Nb1 Qc5 16. Nc3 Nf8 17. Qb2 Bxf3 18. Bxf3 Ne6 19. Bg2 Nd4 20. Rac1 Rd7 21. Ne2 Rad8 22. Nxd4 Rxd4 23. Rxd4 Rxd4 24. Qe2 Qd6 25. c5 Qd8 26. Qe1 Rd2 27. a4 Qd4 28. h3 Nd7 29. Bf3 Rd3 30. Rc4 Qb2 31. Bg4 Nf6 32. Bc8 Rxb3 33. Qd1 g6 34. Qd8+ Kg7 35. Qe7 Rf3 36. Be6 Qxf2+ 0-1

[Event "Cole Harbour"]
[Site "Cole Harbour CAN"]
[Date "2005.05.13"]
[Round "1"]
[White "Mayo, Alvah"]
[Black "Gonzalez Cueto, Jose"]
[Result "0-1"]
[WhiteElo "2068"]
[BlackElo "1988"]
[PlyCount "116"]
[GameId "2160767910968403"]
[EventDate "2005.05.13"]
[EventType "tourn"]
[EventRounds "5"]
[EventCountry "CAN"]
[SourceTitle "EXT 2022"]
[Source "ChessBase"]
[SourceDate "2021.10.06"]
[SourceVersion "1"]
[SourceVersionDate "2021.10.06"]
[SourceQuality "1"]

1. Nf3 Nf6 2. d4 b6 3. Bg5 Bb7 4. Bxf6 exf6 5. Nbd2 f5 6. e3 g6 7. a4 a5 8. Bd3 Bg7 9. h4 h5 10. c3 d6 11. Qe2 Nd7 12. e4 fxe4 13. Bxe4 Bxe4 14. Qxe4+ Qe7 15. Ne5 O-O 16. Nxd7 Qxd7 17. O-O d5 18. Qf4 Rfe8 19. Rfe1 c5 20. Nf3 Rac8 21. Kf1 Qg4 22. Qxg4 hxg4 23. Ne5 cxd4 24. cxd4 Rc2 25. b3 Rb2 26. Rab1 Rxb1 27. Rxb1 Bxe5 28. Re1 f6 29. dxe5 fxe5 30. Re3 Kf7 31. Rg3 Rc8 32. Rxg4 Rc3 33. h5 gxh5 34. Rg5 Kf6 35. Rxh5 Rxb3 36. Ke2 Ke6 37. Rh6+ Kf5 38. Rh5+ Kf6 39. Rh6+ Kg5 40. Rd6 d4 41. f3 Rb2+ 42. Kd3 Rxg2 43. Rxb6 Rf2 44. Rb5 Kf4 45. Rxa5 Rxf3+ 46. Ke2 Ra3 47. Ra8 Ke4 48. Kd2 Ra2+ 49. Kc1 Kd3 50. Kb1 Rh2 51. Rg8 Rh1+ 52. Kb2 e4 53. a5 e3 54. a6 Rh2+ 55. Kc1 Rc2+ 56. Kb1 e2 57. Rg3+ Kd2 58. Rg1 Rc7 0-1

[Event "Cole Harbour"]
[Site "Cole Harbour CAN"]
[Date "2005.05.13"]
[Round "1"]
[White "Wysocki, Antoni"]
[Black "Kenney, Jason"]
[Result "1-0"]
[WhiteElo "2042"]
[BlackElo "2141"]
[PlyCount "71"]
[GameId "2160767910968404"]
[EventDate "2005.05.13"]
[EventType "tourn"]
[EventRounds "5"]
[EventCountry "CAN"]
[SourceTitle "EXT 2022"]
[Source "ChessBase"]
[SourceDate "2021.10.06"]
[SourceVersion "1"]
[SourceVersionDate "2021.10.06"]
[SourceQuality "1"]

1. d4 Nf6 2. Bg5 d6 3. Nf3 g6 4. Bxf6 exf6 5. g3 f5 6. Bg2 Nd7 7. c4 h5 8. Nc3 Nf6 9. Qd3 Bh6 10. e3 O-O 11. O-O Re8 12. Nd2 c6 13. Rfd1 h4 14. b4 hxg3 15. hxg3 d5 16. b5 Ne4 17. bxc6 bxc6 18. cxd5 cxd5 19. Rac1 a5 20. Qb5 Be6 21. Nb3 Qd6 22. Nc5 Reb8 23. Qe2 Bf8 24. Nb5 Qb6 25. Nc7 Qxc7 26. Nxe6 Qb6 27. Nc7 Ra7 28. Nxd5 Qe6 29. Bxe4 fxe4 30. Nf4 Qf5 31. Rb1 Rab7 32. Qc2 g5 33. Ne2 Rb6 34. Rxb6 Rxb6 35. Nc3 Re6 36. d5 1-0

[Event "Cole Harbour"]
[Site "Cole Harbour CAN"]
[Date "2005.05.14"]
[Round "2"]
[White "Kenney, David"]
[Black "Wysocki, Antoni"]
[Result "0-1"]
[WhiteElo "1756"]
[BlackElo "2042"]
[PlyCount "46"]
[GameId "2160767910968405"]
[EventDate "2005.05.13"]
[EventType "tourn"]
[EventRounds "5"]
[EventCountry "CAN"]
[SourceTitle "EXT 2022"]
[Source "ChessBase"]
[SourceDate "2021.10.06"]
[SourceVersion "1"]
[SourceVersionDate "2021.10.06"]
[SourceQuality "1"]

1. c4 c6 2. Nf3 d5 3. b3 Nf6 4. Bb2 Bg4 5. e3 e6 6. Be2 Nbd7 7. O-O Bd6 8. d4 O-O 9. Nc3 Qe7 10. Rc1 Rad8 11. Re1 Rfe8 12. h3 Bh5 13. Qc2 Bb4 14. Nd2 Bg6 15. Bd3 e5 16. dxe5 Nxe5 17. Bxg6 hxg6 18. cxd5 Nxd5 19. Nxd5 Rxd5 20. Re2 Nd3 21. Rd1 Nxb2 22. Qxb2 Red8 23. Kf1 Qd6 0-1

[Event "Cole Harbour"]
[Site "Cole Harbour CAN"]
[Date "2005.05.14"]
[Round "2"]
[White "Kenney, Jason"]
[Black "Mayo, Alvah"]
[Result "1-0"]
[WhiteElo "2141"]
[BlackElo "2068"]
[PlyCount "69"]
[GameId "2160767910968406"]
[EventDate "2005.05.13"]
[EventType "tourn"]
[EventRounds "5"]
[EventCountry "CAN"]
[SourceTitle "EXT 2022"]
[Source "ChessBase"]
[SourceDate "2021.10.06"]
[SourceVersion "1"]
[SourceVersionDate "2021.10.06"]
[SourceQuality "1"]

1. d4 Nf6 2. c4 e5 3. dxe5 Ng4 4. Bf4 Nc6 5. Nf3 Bb4+ 6. Nbd2 Qe7 7. e3 Ncxe5 8. Nxe5 Nxe5 9. Be2 O-O 10. O-O d6 11. Nb3 Ng6 12. Bg3 Qg5 13. a3 Bc5 14. Nxc5 Qxc5 15. b4 Qg5 16. Rc1 Qe7 17. c5 dxc5 18. Rxc5 Rd8 19. Qc2 c6 20. Bf3 Bd7 21. b5 Rac8 22. bxc6 Bxc6 23. Rc1 Qd7 24. h3 Qd3 25. Qxd3 Rxd3 26. Bxc6 Rxc6 27. Rxc6 bxc6 28. Rxc6 h5 29. Ra6 Rd1+ 30. Kh2 h4 31. Bb8 Rf1 32. f3 Ne7 33. e4 g5 34. Bxa7 Nc8 35. Be3 1-0

[Event "Cole Harbour"]
[Site "Cole Harbour CAN"]
[Date "2005.05.14"]
[Round "2"]
[White "Ng, Gary"]
[Black "Gonzalez Cueto, Jose"]
[Result "1/2-1/2"]
[WhiteElo "2134"]
[BlackElo "1988"]
[PlyCount "101"]
[GameId "2160767910968407"]
[EventDate "2005.05.13"]
[EventType "tourn"]
[EventRounds "5"]
[EventCountry "CAN"]
[SourceTitle "EXT 2022"]
[Source "ChessBase"]
[SourceDate "2021.10.06"]
[SourceVersion "1"]
[SourceVersionDate "2021.10.06"]
[SourceQuality "1"]

1. b4 Nf6 2. Bb2 e6 3. b5 d5 4. e3 c5 5. Nf3 Nbd7 6. a4 a6 7. c4 Bd6 8. Nc3 O-O 9. Qb3 axb5 10. Nxb5 Bb8 11. Be2 Re8 12. O-O Nb6 13. d4 Ne4 14. Rfd1 Nxc4 15. Bxc4 dxc4 16. Qc2 f5 17. dxc5 Qe7 18. Ba3 Nxc5 19. Qxc4 b6 20. Bxc5 bxc5 21. Rdc1 Bb7 22. Qxc5 Qxc5 23. Rxc5 Ra5 24. Nfd4 Bd5 25. Nc6 Bxc6 26. Rxc6 Be5 27. Ra2 Rb8 28. f4 Bf6 29. Nd6 Rba8 30. Kf2 Kf8 31. Rc4 e5 32. Nb7 R5a7 33. Nc5 e4 34. Ne6+ Kf7 35. Nd4 Bxd4 36. Rxd4 Ra5 37. g4 g6 38. g5 R8a7 39. Kg2 Rc5 40. Kf2 Ke6 41. h4 Rca5 42. Rb4 R5a6 43. h5 gxh5 44. Kg3 h6 45. Kh4 hxg5+ 46. fxg5 Ra5 47. Kxh5 Rh7+ 48. Kg6 Raa7 49. Rb6+ Ke5 50. Rb5+ Ke6 51. Rb6+ 1/2-1/2

[Event "Cole Harbour"]
[Site "Cole Harbour CAN"]
[Date "2005.05.14"]
[Round "3"]
[White "Gonzalez Cueto, Jose"]
[Black "Kenney, Jason"]
[Result "0-1"]
[WhiteElo "1988"]
[BlackElo "2141"]
[PlyCount "80"]
[GameId "2160767910968408"]
[EventDate "2005.05.13"]
[EventType "tourn"]
[EventRounds "5"]
[EventCountry "CAN"]
[SourceTitle "EXT 2022"]
[Source "ChessBase"]
[SourceDate "2021.10.06"]
[SourceVersion "1"]
[SourceVersionDate "2021.10.06"]
[SourceQuality "1"]

1. d4 Nf6 2. Nf3 g6 3. g3 Bg7 4. Bg2 O-O 5. O-O d6 6. c4 Nc6 7. Nc3 a6 8. e4 Bg4 9. h3 Bxf3 10. Bxf3 e5 11. Be3 Nd7 12. d5 Ne7 13. Bg2 f5 14. f4 exf4 15. Bxf4 Ne5 16. Qe2 Qd7 17. Rac1 Rae8 18. Kh2 h6 19. h4 Bf6 20. exf5 Nxf5 21. Bh3 Qg7 22. Ne4 Bxh4 23. gxh4 Nxh4 24. Rc3 g5 25. Bg3 Rxf1 26. Qxf1 Rf8 27. Be6+ Kh8 28. Qe2 Nhf3+ 29. Kh1 g4 30. Nd2 h5 31. Bxe5 Nxe5 32. Qh2 Qg6 33. Re3 Kg7 34. Rxe5 dxe5 35. Qxe5+ Qf6 36. Qxc7+ Kh6 37. Qg3 Qd4 38. Qc3 Qf2 39. Qd3 Qe1+ 40. Kh2 Rf2+ 0-1

[Event "Cole Harbour"]
[Site "Cole Harbour CAN"]
[Date "2005.05.14"]
[Round "3"]
[White "Mayo, Alvah"]
[Black "Kenney, David"]
[Result "1-0"]
[WhiteElo "2068"]
[BlackElo "1756"]
[PlyCount "69"]
[GameId "2160767910968409"]
[EventDate "2005.05.13"]
[EventType "tourn"]
[EventRounds "5"]
[EventCountry "CAN"]
[SourceTitle "EXT 2022"]
[Source "ChessBase"]
[SourceDate "2021.10.06"]
[SourceVersion "1"]
[SourceVersionDate "2021.10.06"]
[SourceQuality "1"]

1. Nc3 g6 2. h4 h5 3. e4 d6 4. d4 Bg7 5. Be3 Nf6 6. f3 c6 7. Qd2 Qc7 8. Nh3 b5 9. Nf2 Nbd7 10. Be2 Bb7 11. Nd3 a6 12. g4 hxg4 13. fxg4 c5 14. dxc5 dxc5 15. O-O-O Nxe4 16. Nxe4 Bxe4 17. Rhe1 c4 18. Nb4 c3 19. Qxd7+ Qxd7 20. Rxd7 cxb2+ 21. Kb1 Kxd7 22. Nxa6 Bc6 23. Nb4 Rac8 24. Bc5 e6 25. Rd1+ Kc7 26. Rd6 Kb7 27. Nxc6 Rxc6 28. Bf3 Rhc8 29. h5 gxh5 30. gxh5 e5 31. h6 Bh8 32. Rd7+ Kb8 33. Ba7+ Ka8 34. Rxf7 b4 35. Be4 1-0

[Event "Cole Harbour"]
[Site "Cole Harbour CAN"]
[Date "2005.05.14"]
[Round "3"]
[White "Wysocki, Antoni"]
[Black "Ng, Gary"]
[Result "1-0"]
[WhiteElo "2042"]
[BlackElo "2134"]
[PlyCount "65"]
[GameId "2160767910968410"]
[EventDate "2005.05.13"]
[EventType "tourn"]
[EventRounds "5"]
[EventCountry "CAN"]
[SourceTitle "EXT 2022"]
[Source "ChessBase"]
[SourceDate "2021.10.06"]
[SourceVersion "1"]
[SourceVersionDate "2021.10.06"]
[SourceQuality "1"]

1. Nf3 Nf6 2. d4 d5 3. c4 c6 4. Nc3 a6 5. g3 dxc4 6. Bg2 b5 7. O-O Bb7 8. a4 e6 9. Ne5 Nd5 10. e4 Nxc3 11. bxc3 Nd7 12. f4 Qc7 13. Be3 g6 14. Ra2 Bg7 15. h4 c5 16. Nxf7 cxd4 17. Ng5 Ke7 18. cxd4 Nf6 19. Qb1 Ng4 20. Qb4+ Qd6 21. Qxd6+ Kxd6 22. e5+ Kc7 23. Nxe6+ Kb6 24. Bd2 Bf8 25. axb5 Bxg2 26. Kxg2 a5 27. Rfa1 c3 28. Bxc3 Ne3+ 29. Kf3 Nc4 30. Ke4 Be7 31. d5 Rhc8 32. Bd4+ Kxb5 33. d6 1-0

[Event "Cole Harbour"]
[Site "Cole Harbour CAN"]
[Date "2005.05.15"]
[Round "4"]
[White "Kenney, David"]
[Black "Gonzalez Cueto, Jose"]
[Result "0-1"]
[WhiteElo "1756"]
[BlackElo "1988"]
[PlyCount "76"]
[GameId "2160767910968411"]
[EventDate "2005.05.13"]
[EventType "tourn"]
[EventRounds "5"]
[EventCountry "CAN"]
[SourceTitle "EXT 2022"]
[Source "ChessBase"]
[SourceDate "2021.10.06"]
[SourceVersion "1"]
[SourceVersionDate "2021.10.06"]
[SourceQuality "1"]

1. c4 Nf6 2. g3 e6 3. Nf3 d5 4. b3 Be7 5. Bg2 Nc6 6. Bb2 b6 7. O-O Bb7 8. d3 Qd6 9. Nbd2 O-O-O 10. a3 e5 11. cxd5 Nxd5 12. Nc4 Qe6 13. Ncxe5 Nxe5 14. Bxe5 f6 15. Bb2 h5 16. Qc2 c5 17. d4 Kb8 18. dxc5 Bxc5 19. b4 Be7 20. e3 Rc8 21. Qe2 h4 22. Rfc1 hxg3 23. hxg3 Bd6 24. Rxc8+ Rxc8 25. Rc1 Re8 26. Bd4 Qg4 27. Qd1 Rd8 28. Qe2 Ne7 29. Rd1 Nc6 30. Bb2 Qg6 31. Rc1 Ne7 32. Nh4 Qg5 33. Nf3 Qh6 34. b5 Rh8 35. a4 Nf5 36. Qd2 Bxf3 37. Bxf3 Qh2+ 38. Kf1 Nxg3+ 0-1

[Event "Cole Harbour"]
[Site "Cole Harbour CAN"]
[Date "2005.05.15"]
[Round "4"]
[White "Ng, Gary"]
[Black "Kenney, Jason"]
[Result "1-0"]
[WhiteElo "2134"]
[BlackElo "2141"]
[PlyCount "69"]
[GameId "2160767910968412"]
[EventDate "2005.05.13"]
[EventType "tourn"]
[EventRounds "5"]
[EventCountry "CAN"]
[SourceTitle "EXT 2022"]
[Source "ChessBase"]
[SourceDate "2021.10.06"]
[SourceVersion "1"]
[SourceVersionDate "2021.10.06"]
[SourceQuality "1"]

1. b4 d5 2. Bb2 Qd6 3. b5 Qb4 4. Ba3 Qxb5 5. e3 Qa5 6. c4 e6 7. Bxf8 Kxf8 8. Nc3 Nf6 9. Nf3 c6 10. Be2 Ke7 11. O-O Rd8 12. Qc2 dxc4 13. Bxc4 Nbd7 14. d4 b5 15. Bd3 Bb7 16. a4 b4 17. Ne4 Rac8 18. Nfd2 Qc7 19. Nc5 a5 20. Ndb3 Ra8 21. Rac1 Nxc5 22. Qxc5+ Ke8 23. e4 h6 24. f4 Ba6 25. Bxa6 Rxa6 26. f5 exf5 27. Rxf5 Ng4 28. g3 Qe7 29. Qc4 Ne3 30. Qxa6 Nxf5 31. Qxc6+ Kf8 32. Rd1 Qg5 33. Rd3 Nxd4 34. Nxd4 Rxd4 35. Qa8+ 1-0

[Event "Cole Harbour"]
[Site "Cole Harbour CAN"]
[Date "2005.05.15"]
[Round "4"]
[White "Wysocki, Antoni"]
[Black "Mayo, Alvah"]
[Result "1/2-1/2"]
[WhiteElo "2042"]
[BlackElo "2067"]
[PlyCount "92"]
[GameId "2160767910968413"]
[EventDate "2005.05.13"]
[EventType "tourn"]
[EventRounds "5"]
[EventCountry "CAN"]
[SourceTitle "EXT 2022"]
[Source "ChessBase"]
[SourceDate "2021.10.06"]
[SourceVersion "1"]
[SourceVersionDate "2021.10.06"]
[SourceQuality "1"]

1. d4 Nf6 2. c4 c5 3. d5 b5 4. cxb5 a6 5. Nc3 g6 6. e4 d6 7. Nf3 Bg7 8. Be2 O-O 9. O-O axb5 10. Bxb5 Ba6 11. Qe2 Qa5 12. Bxa6 Rxa6 13. Bf4 Nbd7 14. h3 Rb8 15. e5 Nh5 16. Bh2 Nxe5 17. Nxe5 dxe5 18. Bxe5 Rxb2 19. Qxb2 Bxe5 20. Rac1 Nf4 21. Qd2 Rd6 22. Rfd1 Qa6 23. g3 Bxc3 24. Qxf4 Bd4 25. Rxd4 cxd4 26. Qxd4 e6 27. Rc5 Qb7 28. Qc3 Rd8 29. d6 Qb1+ 30. Kh2 Qxa2 31. Qf6 Qa8 32. Rc7 Rf8 33. d7 Qb8 34. Qc3 Qb5 35. Qc5 Qd3 36. Qe7 Qd2 37. Rc8 Qxf2+ 38. Kh1 Qe1+ 39. Kh2 Qd2+ 40. Kg1 Qd4+ 41. Kf1 Qa1+ 42. Kg2 Qb2+ 43. Kg1 Qd4+ 44. Kh2 Qb2+ 45. Kg1 Qd4+ 46. Kh2 Qf2+ 1/2-1/2

[Event "Cole Harbour"]
[Site "Cole Harbour CAN"]
[Date "2005.05.15"]
[Round "5"]
[White "Gonzalez Cueto, Jose"]
[Black "Wysocki, Antoni"]
[Result "0-1"]
[WhiteElo "1988"]
[BlackElo "2042"]
[PlyCount "74"]
[GameId "2160767910968414"]
[EventDate "2005.05.13"]
[EventType "tourn"]
[EventRounds "5"]
[EventCountry "CAN"]
[SourceTitle "EXT 2022"]
[Source "ChessBase"]
[SourceDate "2021.10.06"]
[SourceVersion "1"]
[SourceVersionDate "2021.10.06"]
[SourceQuality "1"]

1. d4 Nf6 2. Nf3 c5 3. e3 cxd4 4. exd4 d5 5. Bd3 g6 6. O-O Bg7 7. Re1 O-O 8. Nbd2 Nc6 9. c3 Re8 10. Nf1 Bg4 11. Bf4 Qd7 12. h3 Bxf3 13. Qxf3 b5 14. Bxb5 Nxd4 15. Bxd7 Nxf3+ 16. gxf3 Nxd7 17. Red1 Nb6 18. Be3 Red8 19. f4 Na4 20. Rab1 a6 21. Bd4 Rab8 22. Ne3 Bxd4 23. cxd4 Nxb2 24. Rd2 Nc4 25. Rxb8 Rxb8 26. Rc2 Nxe3 27. fxe3 Rb1+ 28. Kf2 e6 29. Kf3 Rh1 30. Kg3 Ra1 31. Kf3 Kg7 32. e4 Rf1+ 33. Ke2 Rxf4 34. exd5 exd5 35. Ke3 Rh4 36. Rc6 Rxh3+ 37. Kf4 Ra3 0-1

[Event "Cole Harbour"]
[Site "Cole Harbour CAN"]
[Date "2005.05.15"]
[Round "5"]
[White "Kenney, Jason"]
[Black "Kenney, David"]
[Result "1-0"]
[WhiteElo "2141"]
[BlackElo "1756"]
[PlyCount "43"]
[GameId "2160767910968415"]
[EventDate "2005.05.13"]
[EventType "tourn"]
[EventRounds "5"]
[EventCountry "CAN"]
[SourceTitle "EXT 2022"]
[Source "ChessBase"]
[SourceDate "2021.10.06"]
[SourceVersion "1"]
[SourceVersionDate "2021.10.06"]
[SourceQuality "1"]

1. d4 d6 2. e4 Nf6 3. Nc3 g6 4. f4 Bg7 5. Nf3 c5 6. Bb5+ Bd7 7. e5 Ng4 8. e6 Bxb5 9. exf7+ Kd7 10. Nxb5 Qa5+ 11. Nc3 cxd4 12. Nxd4 Bxd4 13. Qxg4+ e6 14. Bd2 Qf5 15. Qf3 Nc6 16. O-O-O Qxf7 17. Nb5 Bf6 18. Bc3 d5 19. Rhe1 Rhf8 20. Qh3 Rae8 21. Rxd5+ Kc8 22. Nd6+ 1-0